Fleuves et rivières françaises - Statistiques

Statistiques générales
  • Ce quiz a été pris 307 fois
    305 depuis la dernière actualisation
  • Le résultat moyen est 70 sur 402
Statistiques - réponses
Réponse % Correct
Loir
94%
Rhône
93%
Rhin
88%
Garonne
87%
Loire
87%
Seine
87%
Meu
84%
Saône
81%
Moselle
79%
Tarn
78%
Lot
77%
Meuse
76%
Cher
75%
Dordogne
75%
Oise
74%
Marne
73%
Meurthe
73%
Allier
72%
Isère
72%
Vilaine
72%
Charente
71%
Var
71%
Ain
70%
Aisne
70%
Doubs
69%
Ill
69%
Ardèche
67%
Aude
66%
Durance
66%
Indre
66%
Orne
66%
Vie
66%
Vienne
65%
Aube
64%
Eure
64%
Sarthe
64%
Somme
64%
Adour
63%
Gard/Gardon
63%
Hérault
63%
Creuse
62%
Drôme
62%
Yon
62%
Mayenne
60%
Ariège
56%
Aveyron
56%
Gers
55%
Maine
54%
Nièvre
53%
Corrèze
51%
Yonne
51%
50%
Sèvre Niortaise
48%
Escaut
44%
Gave de Pau
44%
Aa
43%
Sèvre Nantaise
41%
Arc
38%
Essonne
38%
Isle
38%
Verdon
38%
Lie
36%
Vendée
34%
Drac
32%
Vézère
32%
Orb
31%
Rance
31%
Argens
29%
Loing
29%
Vire
29%
Arve
28%
Gave d'Oloron
28%
Sarre
28%
Lys
27%
Têt
26%
Baïse
23%
Loue
23%
Canche
22%
Sor
22%
Aulne
21%
Lay
21%
Sambre
20%
Epte
19%
Tech
19%
Blavet
18%
Orge
18%
Ubaye
18%
Authie
17%
Fier
17%
Romanche
17%
Truyère
17%
Yvel
17%
Célé
16%
Midou
16%
Ourcq
16%
Nive
15%
Odet
15%
Ognon
15%
Tavignano
15%
Agout
14%
Avre
14%
Couesnon
14%
Dive
14%
Dore
14%
Gartempe
14%
Grand Morin
14%
Lez
14%
Risle
14%
Scarpe
14%
Serre
14%
Sioule
14%
Andelle
13%
Cère
13%
Cèze
13%
Ouvèze
13%
Auvézère
12%
Bès
12%
Buëch
12%
Chée
12%
Clain
12%
Cure
12%
Deûle
12%
Douze
12%
Dronne
12%
Eygues/Aigue
12%
Eyre
12%
Gimone
12%
Guiers
12%
Oust
12%
Rivière d'Auray (Loc'h)
12%
Sauldre
12%
Seille
12%
Touques
12%
Vidourle
12%
Armançon
11%
Bar
11%
Chiers
11%
Ellé
11%
Hers-Vif
11%
Luy
11%
Save
11%
Sée
11%
Thur
11%
Tinée
11%
Arn
10%
Arrats
10%
Béthune
10%
Dropt
10%
Erdre
10%
Golo
10%
Huisne
10%
Moder
10%
Petit Morin
10%
Scorff
10%
Thérain
10%
Viaur
10%
Agly
9%
Aron
9%
Arroux
9%
Besbre
9%
Dadou
9%
Ouche
9%
Ource
9%
Serein
9%
Ton
9%
Yerres
9%
Argenton
8%
Beuvron
8%
Bléone
8%
Bourbre
8%
Brenne
8%
Bresle
8%
Chassezac
8%
Chéran
8%
Dives
8%
Doux
8%
Estéron
8%
Gave d'Aspe
8%
Hers-Mort
8%
Iton
8%
Ornain
8%
Salat
8%
Sauer
8%
Sélune
8%
Touch
8%
Trieux
8%
Zorn
8%
Aire
7%
Ance
7%
Anglin
7%
Arnon
7%
Arros
7%
Arz
7%
Aure
7%
Boulogne
7%
Boutonne
7%
Bruche
7%
Cisse
7%
Coulon/Calavon
7%
Élorn
7%
Eyrieux
7%
Gabas
7%
Guil
7%
Lanterne
7%
Layon
7%
Lèze
7%
Madon
7%
Neste
7%
Osse
7%
Oudon
7%
Petite Baïse
7%
Petite Creuse
7%
Rognon
7%
Saulx
7%
Seiche
7%
Seudre
7%
Tardoire
7%
Thouet
7%
Yèvre
7%
Alagnon
6%
Artuby
6%
Asse
6%
Bandiat
6%
Briance
6%
Chère
6%
Cousin
6%
Don
6%
Dourbie
6%
Ével
6%
Gardon d'Alès
6%
Girou
6%
Grosne
6%
Helpe Majeure
6%
Helpe Mineure
6%
Indrois
6%
Juine
6%
Louge
6%
Maronne
6%
Morge
6%
Mortagne
6%
Rhue
6%
Semme
6%
Seulles
6%
Taravo
6%
Taurion
6%
Tille
6%
Touloubre
6%
Vallière
6%
Vanne
6%
Vère
6%
Vesle
6%
Veyle
6%
Vezouze
6%
Vis
6%
Albarine
5%
Arguenon
5%
Arize
5%
Aumance
5%
Authion
5%
Auxance
5%
Azergues
5%
Bidouze
5%
Bienne
5%
Blaise
5%
Canne
5%
Cesse
5%
Chalaronne
5%
Chapeauroux
5%
Chavanon
5%
Claie
5%
Claise
5%
Côle
5%
Cosson
5%
Dheune
5%
Diège
5%
Erve
5%
Èvre
5%
Fresquel
5%
Galaure
5%
Gesse
5%
Leff
5%
Léguer
5%
Lignon du Forez
5%
Loison
5%
Luy de Béarn
5%
Moine
5%
Nesque
5%
Ouanne
5%
Rhins
5%
Roubion
5%
Salon
5%
Semnon
5%
Seugne
5%
Sienne
5%
Suran
5%
Tardes
5%
Varenne
5%
Vingeanne
5%
Acolin
4%
Aff
4%
Ailette
4%
Arconce
4%
Aubetin
4%
Auron
4%
Avance
4%
Barse
4%
Benaize
4%
Bouble
4%
Bourbince
4%
Bouzanne
4%
Brame
4%
Braye
4%
Céou
4%
Charentonne
4%
Ciron
4%
Côney
4%
Dourdou de Conques
4%
Douve
4%
Ernée
4%
Falleron
4%
Fouzon
4%
Gijou
4%
Goul
4%
Isac
4%
Jouanne
4%
Largue
4%
Lary
4%
Lède
4%
Lignon du Velay
4%
Luy de France
4%
Luzège
4%
Maulde
4%
Nied
4%
Ninian
4%
Orbieu
4%
Orne Saosnoise
4%
Othain
4%
Petite Sauldre
4%
Rère
4%
Reyssouze
4%
Rupt de Mad
4%
Saison
4%
Sâne Morte
4%
Sevron
4%
Smagne
4%
Solnan
4%
Sormonne
4%
Soulles
4%
Suippe
4%
Thouaret
4%
Triouzoune
4%
Vair
4%
Vègre
4%
Verzée
4%
Voire
4%
Vonne
4%
Alène
3%
Aujon
3%
Auroue
3%
Auvignon
3%
Auzoue
3%
Barguelonne
3%
Céor
3%
Cérou
3%
Clouère
3%
Colagne
3%
Colmont
3%
Dourdou de Camarès
3%
Doustre
3%
Échez
3%
Estampon
3%
Gélise
3%
Lathan
3%
Léez
3%
Lizonne
3%
Louts
3%
Lunain
3%
Mouzon
3%
Rahin
3%
Salleron
3%
Senouire
3%
Séoune
3%
Somme-Soude
3%
Thoré
3%
Vaige
3%
Vauvise
3%
Voueize
3%
Autise
2%
Bonnieure
2%
Bouès
2%
Lemboulas
2%
Vincou
2%
Aucun quiz correspondant
Distribution des résultats
% des personnes avec chaque résultat
Percentile par nombre de réponses
Votre historique - résultats
Vous n’avez pas pris ce quiz depuis la dernière actualisation